| 000 | 00912nam a22002897a 4500 | ||
|---|---|---|---|
| 001 | 3281 | ||
| 003 | FISKH | ||
| 005 | 20241119083921.0 | ||
| 008 | 240223b cb ||||| |||| 00| 0 eng d | ||
| 020 | _a051488003991 | ||
| 040 |
_aFISKH _beng _cFISKH _dFISKH |
||
| 050 | _aPZ8.H74 | ||
| 082 | _2314 | ||
| 100 | _aHolub, Joan | ||
| 245 |
_aThe pizza that we made / _cby Holub, Joan ; illustrated by Cravath, Lynne |
||
| 260 |
_aNew York : _bPuffin Books , _c2001 |
||
| 300 |
_a31 unnumbered pages : _bcolor illustrations ; _c24 cm . |
||
| 490 |
_aPuffin easy-to-read _vLevel 2 |
||
| 505 | _aG | ||
| 520 | _aThree young cooks have fun making their own pizza, cleaning up their mess, and eating hot slices! | ||
| 521 | 8 |
_a300
_bLexile |
|
| 521 | 8 |
_aG
_bRaz-Plus |
|
| 600 |
_2cooking _vfictiton |
||
| 650 |
_apizza _vfiction |
||
| 700 |
_aCravath, lynne _eillustrator |
||
| 942 |
_2ddc _cBK _n0 |
||
| 999 |
_c3281 _d3281 |
||